| 000 | 00546nam a2200181 i 4500 | ||
|---|---|---|---|
| 001 | 28271 | ||
| 003 | ES-MaACL | ||
| 005 | 20230906153818.0 | ||
| 007 | t| | ||
| 008 | 030116s1965 sp ||||1| spa d | ||
| 100 | 1 |
_aBalducci, Corrado. _924904 |
|
| 245 | 1 | 4 |
_aLos endemoniados de hoy / _cCorrado Balducci ; versión española por José Zahonero Vivó. |
| 260 |
_aAlcoy : _bMarfil, _c1965. |
||
| 300 |
_aXII, 526 p. ; _c21 cm. |
||
| 650 | 0 | 4 |
_aPosesión demoníaca. _916321 |
| 700 | 1 |
_aZahonero Vivó, José. _9117851 |
|
| 852 |
_aES-MaACL _jE-699 |
||
| 999 |
_c28271 _d28271 |
||